000
00204 a2200097 4500
001
10939
100
_a
Cemkav, P.
245
_a
Psycholodiagnostics
260
_a
_b
Grune Stratton
_c
090
_c
8509
_d
8509
942
_a
NUST-CAE
_c
M
_c
35277
999
_c
246012
_d
246012